000 00349nam a2200133Ia 4500
008 240624s9999 xx 000 0 und d
041 _aeng
082 _a332.042 NYA
100 _aNYAMBUU UNURJARGAL
245 _aGLOBALIZATION GATING AND RISK FINANCE
260 _c2018
_aUnited Kingdom
_bWiley
300 _axxvii, 448 p.; 23 cm.
365 _c
_b33
999 _c32244
_d32244